000 00679nam a2200205 a 4500
999 _c2409
_d2409
003 BD-JhCC
005 20171102094042.0
008 171102s1372 bg |||| ||a| 000 0 ben d
035 _a(BD-JhCC)
040 _aBD-JhCC
_dBD-JhCC
041 _aben
082 _a891.4409
_bMON 1372
100 _aমনিরুজ্জামান, মোহাম্মদ
245 _aআধুনিক বাংলা সাহিত্য /
_cমোহাম্মদ মনিরুজ্জামান
260 _aঢাকা :
_bবাঙলা একাডেমী,
_c1372.
300 _a205 p. :
_c22 cm.
650 _aBengali Literature
942 _2ddc
_cBK